| 000 | 01147nas a2200361 4500 | ||
|---|---|---|---|
| 001 | BR0600351 | ||
| 003 | BR-BrBNA | ||
| 005 | 20231205105805.0 | ||
| 007 | ta | ||
| 008 | 230509b bl.|||p| |||| 00| 00por d | ||
| 040 |
_aBR-BrBNA _bpor _cBiblioteca Nacional de Agricultura |
||
| 041 | _a(Pt) | ||
| 072 | _aF01; L02 | ||
| 100 | 1 | _aGerdes, L. | |
| 100 | 1 | _aMattos, H.B. de | |
| 100 | 1 | _aWerner, J.C. | |
| 100 | 1 | _aColozza, M.T. | |
| 100 | 1 | _aSantos, L.E. dos | |
| 100 | 1 | _aCunha, E.A. da | |
| 100 | 1 | _aBueno, M.S. | |
| 100 | 1 | _aSchammass, E.A. | |
| 245 | 1 | _aCaracterísticas do dossel forrageiro e acúmulo de forragem em pastagem irrigada de capim-Aruana exclusivo ou sobre-semeado com uma mistura de espécies forrageiras de inverno | |
| 650 | _aPANICUM MAXIMUM | ||
| 650 | _aCAPIM COLONIÃO | ||
| 650 | _aPASTAGEM | ||
| 650 | _aIRRIGAÇÃO | ||
| 650 | _aADUBAÇÃO | ||
| 650 | _aAVEIA FORRAGEIRA | ||
| 650 | _aTREVO BRANCO | ||
| 773 | 0 |
_tRevista Brasileira de Zootecnia (Brazil) _xISSN 1516-3598 _g(Jul-Aug 2005), v. 34(04) p. 1088-1097 _wBR0600351 |
|
| 909 |
_a202311 _bLúcia _c55 _dLúcia Elande |
||
| 942 |
_2AGRIS _n0 _cANA |
||
| 999 |
_c184694 _d184694 |
||